000 00525nam a2200217 454500
001 081281
003 BD-ChCU
008 Eng
020 _a0123903391
040 _aDLC
_cDLC
_dBD-ChCU
082 0 0 _a615.1/G778i
100 1 _aGupta, Ashok K.
_bBajaj, S.S.
245 1 0 _aIntroduction to pharmaceutics
_bx
250 _a4th
260 _aNew Delhi
_bCBS Pub.
_c2000
300 _a295
504 _aIncludes
650 0 _aPharmaceutical technology
_bMedical and Pharmaceutical
700 1 _ax
942 _2ddc
_cBK
999 _c81281
_d81281